[Event "IOM Open-Masters 2017"]
[Site "Douglas"]
[Date "2017.09.24"]
[Round "2"]
[White "Lubbe, Nikolas"]
[Black "Caruana, Fabiano"]
[Result "1/2-1/2"]
[WhiteElo "2515"]
[BlackElo "2799"]
[Annotator "TA"]
[PlyCount "88"]
[EventDate "2017.??.??"]
[EventType "swiss"]
[EventCountry "GBR"]
[SourceTitle "playchess.com"]
[Source "ChessBase"]
[SourceQuality "1"]

{[%evp 21,88,7,9,12,54,44,47,44,79,69,70,73,88,77,81,81,77,60,60,60,62,70,61,50,77,71,62,29,29,29,29,29,37,29,64,0,56,47,54,29,29,29,29,0,47,0,0,0,47,0,0,0,0,0,16,0,0,0,0,0,0,0,0,0,0,0,14,0,0]} 1. d4 Nf6 2. c4 e6 3. Nc3 Bb4 4. e3 b6 5. Bd3 Bb7 6. Nf3 O-O 7. O-O d5 8. cxd5 exd5 9. a3 Bd6 10. b4 Nbd7 11. Qb3 a6 12. a4 {E52: Nimzo-Indian: Rubinstein: 4...0-0 5 Nf3 d5 6 Bd3 b6} Re8 (12... Qe7 13. Rb1 c6 14. a5 Rfb8 15. axb6 Bc8 16. Qc2 Nxb6 17. e4 dxe4 18. Nxe4 Nxe4 19. Bxe4 h6 {1-0 (30) Mamedyarov,S (2772)-Adams,M (2747) Moscow 2017}) 13. Ba3 Qe7 14. b5 {White is slightly better.} c6 15. bxc6 Bxc6 16. Rfc1 g6 17. h3 {[#]} Bb7 $146 ({Predecessor:} 17... Rec8 18. Ne5 Nxe5 19. dxe5 Qxe5 20. Bxd6 Qxd6 21. Qxb6 {1-0 (48) Sokolov,I (2625)-Akobian,V (2625) Antalya 2013}) 18. Bxd6 Qxd6 19. a5 b5 20. Bxb5 axb5 21. Nxb5 Qe7 22. Nc7 Ba6 $1 23. Nxe8 Qxe8 24. Rc6 Kg7 25. Qa4 Qb8 26. Rcc1 Ra7 27. Rab1 Qe8 28. Ra1 (28. Ne5 $14) 28... Qe7 ({Better is} 28... Qb8 $1 $11) 29. Qc6 $14 h6 30. Nd2 Bb7 31. Qb5 Ba6 32. Qc6 h5 33. Nb3 Bc4 $1 {[%cal Rc4b3]} 34. Nd2 Bd3 35. Qc8 Ne4 {The position is equal.} 36. Nxe4 Bxe4 37. f3 Bd3 38. Kf2 Bc4 39. Rcb1 h4 40. Qc6 {Strongly threatening Rb7.} Ra6 41. Qc7 Re6 42. Rb7 Ba6 43. Rb3 Kh7 44. Rab1 Kg7 {Precision: White = 64%, Black = 53%.} 1/2-1/2

[Event "IOM Open-Masters 2017"]
[Site "Douglas"]
[Date "2017.09.24"]
[Round "2"]
[White "Lampert, Jonas"]
[Black "Anand, Viswanathan"]
[Result "1/2-1/2"]
[WhiteElo "2514"]
[BlackElo "2794"]
[Annotator "TA"]
[PlyCount "56"]
[EventDate "2017.??.??"]
[EventType "swiss"]
[EventCountry "GBR"]
[SourceTitle "playchess.com"]
[Source "ChessBase"]
[SourceQuality "1"]

{[%evp 23,56,9,16,10,6,8,6,0,4,0,0,0,8,0,0,0,1,0,0,-16,-16,-16,0,-1,0,0,0,0,0,0,0,0,0,0,0]} 1. e4 c6 2. d4 d5 3. Nc3 dxe4 4. Nxe4 Bf5 5. Ng3 Bg6 6. c3 Nd7 7. Nf3 e6 8. Bd3 Ngf6 9. O-O Be7 10. Re1 O-O 11. Bxg6 hxg6 12. Bg5 c5 {The position is equal.} 13. Qe2 {B18: Classical Caro-Kann: 4...Bf5 sidelines} cxd4 14. Nxd4 Re8 (14... Qb6 15. Rad1 Rfe8 16. Be3 a6 17. Ndf5 Qc6 18. Nxe7+ Rxe7 19. Bg5 Ree8 20. Bxf6 Nxf6 {1-0 (67) Rodrigues,A (2305)-Li,S (2522) Dos Hermanas 2004}) 15. a3 $146 ({Predecessor:} 15. Nf3 Qb6 16. Rad1 Rad8 17. Qc2 Nf8 18. Be3 Bc5 19. Bxc5 Qxc5 20. Qb3 Qc7 {1-0 (102) Yanofsky,D-Golombek,H Hastings 1951}) 15... Qb6 16. Rad1 Rac8 17. Nf3 Red8 18. Ne4 Nc5 19. Nxc5 {[#] Strongly threatening Nd3.} Qxc5 20. Rxd8+ Rxd8 21. Rd1 Rxd1+ 22. Qxd1 a6 23. h3 Ne4 24. Bxe7 Qxf2+ 25. Kh2 {[#] Hoping for Qd8+.} Qg3+ 26. Kg1 {Black must now prevent Qd8+.} Qf2+ 27. Kh2 {Threatens to win with Qd8+.} Qg3+ 28. Kg1 {Qd8+ is the strong threat.} Qf2+ 1/2-1/2

[Event "IOM Open-Masters 2017"]
[Site "Douglas"]
[Date "2017.09.24"]
[Round "2"]
[White "Praggnanandhaa R"]
[Black "Adams, Michael"]
[Result "0-1"]
[WhiteElo "2500"]
[BlackElo "2738"]
[Annotator "TA"]
[PlyCount "84"]
[EventDate "2017.??.??"]
[EventType "swiss"]
[EventCountry "GBR"]
[SourceTitle "playchess.com"]
[Source "ChessBase"]
[SourceQuality "1"]

{[%evp 22,84,29,12,21,31,22,21,34,41,31,8,0,0,6,0,0,0,0,0,0,0,33,-64,-2,-2,-12,-22,-43,-67,-66,-64,-66,-56,-59,-65,-60,-132,-63,-68,-81,-228,-216,-220,-210,-1608,-843,-1636,-1498,-1585,-1592,-1202,-1304,-1627,-1631,-29962,-29966,-29973,-29971,-29979,-29980,-29987,-29988,-29989,-29990]} 1. e4 e5 2. Nf3 Nc6 3. Bc4 Bc5 4. O-O Nf6 5. d3 O-O 6. h3 d6 7. c3 Ne7 {C54: Giuoco Piano: 4 c3 Nf6, main lines with 5 d4 and 5 d3} (7... a6 8. a4 Ba7 9. Re1 h6 10. Nbd2 Be6 11. Bxe6 fxe6 12. b4 Qe8 13. Nf1 Nh5 14. Be3 Bxe3 15. Rxe3 Nf4 {1-0 (63) Karjakin,S (2773)-So,W (2810) Saint Louis 2017}) 8. Re1 Ng6 9. Nbd2 Bb6 10. Bb3 c6 11. d4 Re8 12. Bc2 {LiveBook: 29 Games} Be6 13. Nf1 exd4 14. cxd4 d5 15. e5 Ne4 $146 16. N1d2 f5 17. exf6 Nxd2 18. Bxd2 Qxf6 19. Bg5 Qf7 20. Qd3 {[#] Black must now prevent Ne5.} Rf8 21. Nh4 Rae8 (21... Qxf2+ {looks sharper.} 22. Kh1 Qf7 23. Nxg6 hxg6 24. g4 Bc7) 22. Nxg6 (22. Kh1 $14) 22... Qxg6 (22... hxg6 $15 23. Be3 Bf5) 23. Qxg6 $11 hxg6 24. Bxg6 Bxd4 25. Bxe8 Bxf2+ 26. Kh2 Bxe1 27. Rxe1 Rxe8 $15 {[%mdl 4096] Endgame KRB-KRB} 28. b4 b6 {[%cal Bb7b6,Bb6c5,Bc5c4,Bc4c3][%mdl 32]} 29. Re3 (29. Kg3 $15) 29... c5 ({Black should try} 29... d4 $17 30. Re5 Kf7) 30. bxc5 $1 bxc5 31. Ra3 (31. Kg3 $17 {was necessary.}) 31... d4 $19 32. Rxa7 c4 33. Re7 $2 (33. Rc7) 33... Rxe7 34. Bxe7 {[#] KB-KB} c3 $1 35. Bb4 Kf7 36. Kg3 Bd5 37. Kf4 Ke6 38. g4 Bc6 {Black mates.} 39. h4 Kd5 40. h5 Kc4 41. Bf8 d3 42. Bxg7 c2 {Precision: White = 26%, Black = 70%.} 0-1

[Event "IOM Open-Masters 2017"]
[Site "Douglas"]
[Date "2017.09.24"]
[Round "2"]
[White "Brown, Michael William"]
[Black "Maloberti, David"]
[Result "1-0"]
[WhiteElo "2499"]
[BlackElo "2132"]
[Annotator "TA"]
[PlyCount "77"]
[EventDate "2017.??.??"]
[EventType "swiss"]
[EventCountry "GBR"]
[SourceTitle "playchess.com"]
[Source "ChessBase"]
[SourceQuality "1"]

{[%evp 26,77,102,95,108,112,111,94,102,29,74,54,75,37,80,80,80,78,81,62,76,57,75,66,81,75,76,68,68,62,69,72,91,83,88,76,177,54,152,151,225,109,218,60,60,61,66,14,24,0,1181,1181,952,902]} 1. d4 Nf6 2. c4 g6 3. Nc3 Bg7 4. e4 d6 5. Nf3 {[%cal Bg1f3,Bf3d2,Bd2c4][%mdl 32]} O-O 6. Be2 e5 7. Be3 Nc6 8. d5 Ne7 9. Nd2 Ne8 10. c5 f5 11. f3 f4 12. Bf2 g5 13. Nc4 {E92: King's Indian: Classical: 6 Be2 e5: 7 dxe5, 7 Be3 and Petrosian System without 7...Nbd7} Ng6 14. b4 {LiveBook: 3 Games} h5 15. a4 {[%cal Ba2a4,Ba4a5][%mdl 32] White is better.} Rf7 $146 ({Predecessor:} 15... Nh4 16. Rg1 g4 17. Kd2 g3 18. hxg3 fxg3 19. Be3 Ng6 20. Kc2 {1-0 (48) Real de Azua,E (2445)-Diaz Ordonez,C (2347) Santiago de Cuba 2009}) 16. a5 Bf8 17. cxd6 (17. a6 $16) 17... Bxd6 18. Qb3 g4 19. Nb5 a6 20. Nbxd6 Nxd6 21. O-O-O Bd7 22. Rd2 Rg7 23. Qc3 Qg5 24. Bc5 Nb5 25. Qb2 Kh7 26. d6 cxd6 27. Nxd6 Nxd6 28. Rxd6 Bc6 29. Bc4 Nh4 30. Rf1 Re8 (30... Rc8 $16) 31. Kb1 (31. Bxa6 $1 $18 bxa6 32. Rxc6) 31... gxf3 ({Black should play} 31... Rg6 $14) 32. gxf3 $16 Qg2 (32... Rg6 $16 {was worth a try.}) 33. Rf2 (33. Qxg2 $18 {has better winning chances.} Nxg2 34. Bxa6) 33... Qh3 (33... Qh1+ $16 34. Rf1 Qg2 35. Qxg2 Nxg2 36. Bxa6 bxa6 37. Rxc6 Ne3) 34. Qe2 $2 (34. Qb3 $18) 34... Rd7 $1 $14 35. Rxd7+ Qxd7 36. Rf1 (36. Qc2 $14) 36... Rd8 $11 37. Rg1 Qd2 $2 {[%mdl 8192] [#]} (37... Bb5 $11 38. Bxb5 Qxb5) 38. Bg8+ $1 $18 {[%mdl 512]} Kh8 {[#]} (38... Rxg8 39. Qxd2) 39. Be7 $1 {[%mdl 512] Precision: White = 40%, Black = 35%.} 1-0

[Event "IOM Open-Masters 2017"]
[Site "Douglas"]
[Date "2017.09.24"]
[Round "2"]
[White "Nihal, Sarin"]
[Black "Thilakarathne, G M H"]
[Result "1-0"]
[WhiteElo "2483"]
[BlackElo "2053"]
[Annotator "TA"]
[PlyCount "79"]
[EventDate "2017.??.??"]
[EventType "swiss"]
[EventCountry "GBR"]
[SourceTitle "playchess.com"]
[Source "ChessBase"]
[SourceQuality "1"]

{[%evp 18,79,36,25,40,32,56,53,66,33,21,18,25,18,59,43,79,15,22,12,35,7,41,48,99,104,142,50,60,39,87,0,82,84,88,50,49,70,142,145,238,248,1831,275,925,906,895,782,876,407,550,541,557,409,531,355,355,343,1017,1022,5489,5414,5389,5357]} 1. e4 c5 2. Nf3 d6 3. d4 cxd4 4. Nxd4 Nf6 5. Nc3 a6 6. h4 {B90: Sicilian Najdorf: Unusual White 6th moves, 6 Be3 Ng4 and 6 Be3 e5} (6. Bg5 e6 7. f4 h6 8. Bh4 Qb6 9. a3 Be7 10. Qd3 Nbd7 11. O-O-O g5 12. fxg5 Ne5 13. Qd2 Nh7 14. Nf3 hxg5 15. Bf2 Qc7 16. Be2 Bd7 17. h4 {½-½ (30) Caruana,F (2807)-Vachier Lagrave,M (2791) Saint Louis 2017}) 6... e5 7. Nb3 Be6 8. f4 exf4 9. Bxf4 Nc6 10. Qd2 {LiveBook: 5 Games} Be7 $146 ({Predecessor:} 10... d5 11. O-O-O Bb4 12. Qe3 d4 13. Nxd4 Bc5 {1-0 (41) Tsydypov,Z (2528)-Oganian,M (2462) Sochi 2017}) 11. O-O-O Ne5 12. Nd4 O-O 13. Nf5 Bxf5 $1 14. exf5 b5 15. Be2 Re8 16. Kb1 (16. g4 $5) 16... Qc8 17. Bxe5 (17. g4 $16) 17... dxe5 $11 18. Bf3 Ra7 19. g4 Bb4 20. Qf2 Bc5 ({Better is} 20... Rd7 $14 21. Rxd7 Nxd7) 21. Qg2 {Strongly threatening g5.} b4 {[#]} 22. Ne4 (22. g5 $1 $16 {[%cal Rg5f6]} Nh5 23. Nd5 (23. Bxh5 bxc3 24. b3 Qxf5 $11)) 22... Nxe4 $14 23. Bxe4 Rd8 24. Rdf1 (24. g5 $16) 24... Be3 (24... f6 $11) 25. f6 $16 {Hoping for Bxh7+!} Bf4 26. g5 Rd2 27. Qf3 Rc7 {[#]} (27... Rad7 $1 $14) 28. Ka1 $1 Qd8 (28... Rc4 $16) 29. fxg7 $40 {[%mdl 128] White is out for blood.} Qd7 $2 (29... Rc4 30. Bf5 Kxg7) 30. Rd1 $2 (30. Qh5 {[%csl Ge4][%cal Rh5h7]} Kxg7 31. Qh6+ Kg8 32. Bxh7+ Kh8 33. Bf5+ Kg8 34. Qh7+ Kf8 35. Bxd7 Rcxd7 36. h5) 30... Qd6 $2 (30... Rc4 31. Rxd2 Qxd2) 31. Rxd2 Bxd2 32. Rd1 Rd7 33. Bd3 (33. Bf5 $142 {And now Qh5 would win.} Re7 34. Qe2) 33... Qd4 34. Qf5 {[%csl Gd3][%cal Rf5h7]} ({Less strong is} 34. Rxd2 e4 $16) 34... Kxg7 35. Qxh7+ Kf8 36. Qh8+ Ke7 {Now ...e4 and Black clings on.} 37. Qf6+ ({Resist} 37. Bxa6 e4 $18) 37... Ke8 $2 (37... Kf8 38. Qh8+ Ke7 39. Qf6+ Kf8 40. Qh8+) 38. g6 {[%cal Bg5g6,Bg6g7][%mdl 32] White is clearly winning.} e4 39. Qxd4 Rxd4 40. g7 {Precision: White = 48%, Black = 15%.} 1-0

[Event "IOM Open-Masters 2017"]
[Site "Douglas"]
[Date "2017.09.24"]
[Round "2"]
[White "Khmelniker, Ilya"]
[Black "Harari, Zaki"]
[Result "1-0"]
[WhiteElo "2480"]
[BlackElo "2027"]
[Annotator "TA"]
[PlyCount "77"]
[EventDate "2017.??.??"]
[EventType "swiss"]
[EventCountry "GBR"]
[SourceTitle "playchess.com"]
[Source "ChessBase"]
[SourceQuality "1"]

{[%evp 15,77,-22,0,-16,4,-48,0,-10,0,0,0,0,0,-14,-13,-14,0,0,0,0,0,0,0,0,105,-8,28,0,0,0,0,0,29,-9,-9,-9,176,193,173,146,266,198,201,159,173,173,221,140,181,185,142,102,211,179,317,309,606,535,992,679,1055,1026,948,951]} 1. d4 d5 2. Nf3 e6 3. c4 c6 4. g3 dxc4 5. Bg2 b5 6. O-O Bb7 7. a4 a6 8. Nc3 Nd7 9. Ne5 {D30: Queen's Gambit Declined: Systems without Nc3} (9. e4 Ngf6 10. e5 Nd5 11. Ng5 h6 12. Qh5 g6 13. Qh3 Be7 14. Nce4 Kf8 15. Ra3 Kg7 16. Nxf7 Kxf7 {0-1 (27) Postny,E (2637)-Fridman,D (2648) Beersheba 2013}) 9... Qc8 10. b3 (10. Ne4 $11) 10... cxb3 11. Qxb3 {The position is equal.} Ngf6 12. Bf4 Be7 13. Rac1 {[%cal Ra4b5]} b4 14. Na2 $146 {[%cal Rg2c6]} c5 {With the idea ...Bxg2.} 15. Nxd7 Qxd7 16. Bxb7 $1 Qxb7 17. dxc5 a5 18. Nc3 O-O 19. Nb5 Qe4 (19... Rfc8 $11) 20. f3 (20. c6 $1 $16) 20... Qd5 (20... Qc6 {is interesting.} 21. Bd6 Bxd6 22. Nxd6 Rfd8 23. Rfd1 Ra7) 21. Qxd5 (21. Qc2 {looks sharper.} Qc6 22. Nd4 Qd5 23. Rfd1 e5 24. Nb3) 21... Nxd5 22. c6 {[%cal Bc5c6,Bc6c7][%mdl 32]} Rfc8 ({Much worse is} 22... Nxf4 $6 23. gxf4 Rfc8 24. c7 $16) 23. Rfd1 g5 ({Don't play} 23... Nxf4 $6 24. gxf4 g5 25. Rd7 $16) 24. Bd6 (24. Be5 {keeps more tension.} Nb6 25. c7 Nxa4 26. Rd7 Bf8 27. Bd4) 24... Bxd6 25. Nxd6 Rc7 $2 {[#]} (25... Nc3 $11 26. Nxc8 Rxc8) 26. Nb5 $1 $18 {Rxd5 is the strong threat.} Rcc8 27. c7 b3 (27... Kf8 $16 28. Rc6 Ke7) 28. e4 b2 29. exd5 bxc1=Q 30. Rxc1 exd5 {[%mdl 4096] Endgame KRR-KRN} 31. Rd1 Kg7 32. Rxd5 Kf6 33. g4 {[%mdl 1024] White has strong compensation.} h6 {[#]} (33... Rg8 $16 {might work better.}) 34. Rd6+ $1 Kg7 (34... Ke7 {was called for.}) 35. Rc6 Re8 $2 (35... Kf8 36. Rxh6 (36. Nd6 Ke7 $18) 36... Ke8 37. Nd6+ Kd7) 36. Nd6 {White is clearly winning.} Rec8 {[#]} 37. Ra6 $3 {[%mdl 512]} Rxa6 38. Nxc8 Rc6 {[#]} 39. Nd6 $1 {[%mdl 512] Precision: White = 56%, Black = 30%.} 1-0

[Event "IOM Open-Masters 2017"]
[Site "Douglas"]
[Date "2017.09.24"]
[Round "2"]
[White "Salomon, Johan"]
[Black "Almasi, Zoltan"]
[Result "0-1"]
[WhiteElo "2476"]
[BlackElo "2707"]
[Annotator "TA"]
[PlyCount "178"]
[EventDate "2017.??.??"]
[EventType "swiss"]
[EventCountry "GBR"]
[SourceTitle "playchess.com"]
[Source "ChessBase"]
[SourceQuality "1"]

{[%evp 20,178,27,8,16,-11,0,-12,10,0,0,0,0,-72,-27,-24,-38,-29,-27,-23,-23,-25,-25,-26,-33,-31,-29,-46,-43,-41,-29,-30,-6,-6,0,-11,0,0,0,0,0,0,0,0,0,0,0,0,0,0,0,0,0,0,0,0,0,0,0,0,0,0,0,-48,-40,-54,-5,-8,0,0,0,0,0,0,0,0,0,0,0,-39,-44,-42,-50,-42,-9,-18,-23,-35,-37,-35,-29,-37,-40,-41,-50,-118,-113,-187,-197,-177,-50,-50,-15,-11,-12,-41,-34,-39,0,-42,-53,-128,-95,-120,-80,-79,0,-108,-108,-145,-150,-159,-146,-235,-146,-232,-232,-383,-226,-233,-233,-408,-217,-216,0,-14,0,0,0,-16,0,0,0,0,0,-54,-54,-451,-468,-439,-420,-427,-400,-651,-647,-1205,-647,-29984,-29985,-29988,-29989]} 1. d4 Nf6 2. c4 e6 3. Nf3 Bb4+ 4. Bd2 Qe7 5. g3 Bxd2+ 6. Qxd2 Nc6 {E11: Bogo-Indian} 7. Nc3 d5 8. Ne5 dxc4 9. Nxc6 bxc6 10. Bg2 O-O 11. O-O {LiveBook: 15 Games} Rb8 12. Qc2 e5 $146 ({Predecessor:} 12... c5 13. Rfd1 cxd4 14. Rxd4 {0-1 (49) Sokolov,I (2625)-Vitiugov,N (2741) Antalya 2013}) 13. Rfd1 g6 14. Rac1 Bf5 15. Qa4 Rxb2 16. Qxc6 (16. dxe5 $11 {keeps the balance.} Qxe5 17. Qxc4) 16... Bc2 (16... Rd8 {seems wilder.} 17. d5 Bc2 18. Re1 Qd6 19. Qxc4 Rb4) 17. Na4 Rxa2 18. Qxc4 Rxa4 19. Qxc2 Rxd4 20. Rxd4 exd4 21. Bf3 Rc8 22. Qc6 Ne8 23. Qa6 Rd8 24. Qxa7 h5 25. Qa6 Kg7 26. h4 Rd6 27. Qc4 Qe6 28. Qd3 Qe5 29. Rc4 Rd8 30. Qc2 Qf6 31. Kg2 Qe5 32. Rc5 Qe7 33. Rc4 Qf6 34. Rc5 Qe6 35. Rc6 Rd6 36. Rc5 Qe7 37. Rc4 Kg8 38. Qd3 Qd8 39. Rc5 Ng7 40. Ra5 Qe7 41. Ra8+ Rd8 42. Ra5 Ne6 43. Bd5 Kg7 44. Qe4 Rd6 45. Bc4 Qf6 46. Ra8 Rd8 47. Ra5 Re8 48. Qd3 Re7 49. Rb5 Nf8 50. Rd5 Rd7 51. Ra5 Rd8 52. Qe4 Nd7 53. Ra7 Nc5 54. Qf3 Rd7 55. Ra5 Qd6 56. Kg1 Re7 57. Ra8 ({White should try} 57. Qa3 $15 Nb7 58. Qxd6 Nxd6 59. Bd3) 57... Nd7 $1 $17 58. Qb7 (58. Bb5 $17 {was necessary.}) 58... Nb6 $19 59. Ra6 Qe5 (59... Qb4 $19 60. Bd3 Qe1+ 61. Kg2 Re6) 60. Bd3 $15 Nd7 {...Nc5 is the strong threat.} 61. Ra8 Nf6 62. Qc6 Re6 $36 {[%mdl 2048] White is under pressure.} 63. Qb7 Re7 64. Qc6 Ng4 65. Rc8 (65. Qb7 $15) 65... Qa5 $1 $17 {[%cal Ra5e1] ( -> ...Qe1+)} 66. Qc1 Ne5 67. Be4 Ng4 68. Bd3 Qb6 69. Qf4 Ne5 70. Qg5 Qe6 71. Rd8 (71. Ra8 $17) 71... Rd7 72. Rb8 {[#]} (72. Rxd7 $17 Nxd7 73. Qd8) 72... c5 $1 $19 73. Bb5 $2 (73. Qf4 {keeps fighting.}) 73... Rd5 (73... d3 $142 74. Bxd7 Nxd7 75. exd3 Nxb8 76. Qxc5 Nd7) 74. Re8 {[#]} Qd6 $1 {White must now prevent ...Nf3+!} 75. Qc1 $2 (75. Qf4) 75... Ng4 (75... c4 $142 76. Ba4 Ra5) 76. Qf4 Ne5 $2 (76... Qxf4 $19 77. gxf4 Rf5) 77. Rc8 Qe6 78. Re8 Qd6 {Hoping for ...c4.} 79. Rc8 Qb6 80. Qe4 $1 {[%cal Re4d5]} Qe6 81. Re8 Qd6 {And now ...c4 would win.} 82. f4 ({Better is} 82. Rc8 $11) 82... Ng4 $15 83. Bc4 $2 {[%mdl 8192]} (83. Qe7 $1 $15) 83... Nf6 $1 $19 {[%csl LRe4,LRe8]} 84. Qf3 {White wants to play Ra8.} Nxe8 85. Bxd5 Qe7 86. Kf2 (86. Qe4 $142 Qxe4 87. Bxe4) 86... Nf6 87. Bb3 Ng4+ 88. Ke1 {[#]} c4 $1 {[%mdl 512]} 89. Ba2 (89. Bxc4 Qb4+) 89... Qb4+ {Precision: White = 51%, Black = 53%.} 0-1

[Event "IOM Open-Masters 2017"]
[Site "Douglas"]
[Date "2017.09.24"]
[Round "2"]
[White "Zumsande, Martin"]
[Black "Vidit, Santosh Gujrathi"]
[Result "0-1"]
[WhiteElo "2471"]
[BlackElo "2702"]
[Annotator "TA"]
[PlyCount "64"]
[EventDate "2017.??.??"]
[EventType "swiss"]
[EventCountry "GBR"]
[SourceTitle "playchess.com"]
[Source "ChessBase"]
[SourceQuality "1"]

{[%evp 18,64,0,-4,0,-9,-8,-12,0,-12,0,-47,-33,-35,-39,-110,-116,-116,-118,-156,-154,-549,-543,-562,-559,-1052,-1112,-951,-837,-822,-835,-814,-815,-802,-799,-789,-789,-758,-743,-1193,-1166,-1075,-803,-6311,-1839,-12837,-12837,-29993,-520]} 1. e4 c5 2. c3 d5 3. exd5 Qxd5 4. d4 Nf6 5. Nf3 e6 6. Be3 Be7 7. Bd3 O-O 8. O-O Rd8 9. Qe2 {B22: Sicilian: 2 c3} cxd4 10. cxd4 {LiveBook: 3 Games} Nc6 {[%cal Bb8c6,Bc6e7,Be7d5][%mdl 32]} 11. Nc3 {The position is equal.} Qh5 12. a3 Bd6 $146 ({Predecessor:} 12... b6 13. Rad1 Bb7 14. h3 Na5 15. Ne5 Qxe2 16. Bxe2 Rac8 {0-1 (58) Pavasovic,D (2548)-Durarbayli,V (2616) chess.com INT 2017}) 13. Rac1 Ne7 14. Qc2 b6 15. Ne4 Bb7 16. Nxf6+ (16. h3 $15) 16... gxf6 $17 17. Be4 Nd5 {[#] ...f5 is the strong threat.} 18. h3 Kh8 {Hoping for ...Rg8.} 19. Kh1 $2 (19. Nh2 $17) 19... f5 $19 20. Bxd5 Bxd5 21. Qe2 Rg8 22. Rg1 {[#]} Rxg2 $1 {[%mdl 512]} 23. Kxg2 (23. Rxg2 Bxf3) 23... Bxf3+ 24. Qxf3 Rg8+ 25. Qg3 Bxg3 26. fxg3 Qe2+ 27. Bf2 f4 {[%cal Bf5f4,Bf4f3][%mdl 32] ( -> ...Rxg3+)} 28. g4 f3+ 29. Kg3 f5 {White must now prevent ...f4+!} 30. Rcf1 h5 {[%cal Bh7h5,Bh5g4][%mdl 32]} 31. d5 hxg4 32. dxe6 Qe5+ {Precision: White = 15%, Black = 87%.} 0-1

[Event "IOM Open-Masters 2017"]
[Site "Douglas"]
[Date "2017.09.24"]
[Round "2"]
[White "Visakh N R"]
[Black "Eljanov, Pavel"]
[Result "0-1"]
[WhiteElo "2458"]
[BlackElo "2734"]
[Annotator "TA"]
[PlyCount "70"]
[EventDate "2017.??.??"]
[EventType "swiss"]
[EventCountry "GBR"]
[SourceTitle "playchess.com"]
[Source "ChessBase"]
[SourceQuality "1"]

{[%evp 11,70,22,39,21,32,10,25,20,22,38,7,0,0,0,18,-23,0,-11,0,0,20,10,37,22,42,0,0,-11,-16,-18,-17,-19,-25,-24,-4,-45,-43,-38,0,-8,0,-47,-32,-50,0,-293,-286,-303,-302,-614,-579,-679,-668,-1281,-764,-6519,-6354,-29990,-29991,-29993,-29994]} 1. d4 Nf6 2. c4 e6 3. Nf3 d5 4. Nc3 Nbd7 5. Bg5 h6 6. Bh4 Bb4 7. cxd5 {D51: Queen's Gambit Declined: 4 Bg5 Nbd7 sidelines} exd5 8. Rc1 c6 9. e3 {White has an edge.} g5 10. Bg3 Ne4 11. Nd2 Nxg3 12. hxg3 Nf6 13. Be2 $146 ({Predecessor:} 13. Bd3 Be6 14. a3 Bd6 15. Na4 {1-0 (38) Kulaots,K (2597)-Repka,C (2452) Minsk 2017}) 13... Qe7 14. Qc2 Bd7 15. a3 Ba5 16. Nf3 Ng4 17. b4 Bb6 18. e4 dxe4 19. Qxe4 Nf6 20. Qd3 O-O-O 21. Na4 Rhe8 22. Nxb6+ axb6 23. Ne5 Ng4 24. Nxd7 Qxd7 25. Kf1 Kb8 26. Kg1 Rxe2 27. Qxe2 {And now Qd2 would win.} Qxd4 28. Rf1 $2 {[%mdl 8192] [#]} (28. Rh5 $11 {and White has nothing to worry.}) 28... c5 $1 $19 29. bxc5 bxc5 {[%cal Bb6c5,Bc5c4,Bc4c3,Bc3c2][%mdl 32]} 30. Rh5 $2 (30. a4 Qxa4 31. Qe7) 30... c4 31. Rc1 c3 32. Qc2 Rd6 33. a4 Qc5 {[#] ( -> ...Rd2)} 34. Kh1 Rd2 35. Qh7 c2 {Precision: White = 30%, Black = 65%.} 0-1

[Event "IOM Open-Masters 2017"]
[Site "Douglas"]
[Date "2017.09.24"]
[Round "2"]
[White "Esserman, Marc"]
[Black "Coathup, Roger H"]
[Result "1-0"]
[WhiteElo "2453"]
[BlackElo "2125"]
[Annotator "TA"]
[PlyCount "95"]
[EventDate "2017.??.??"]
[EventType "swiss"]
[EventCountry "GBR"]
[SourceTitle "playchess.com"]
[Source "ChessBase"]
[SourceQuality "1"]

{[%evp 17,95,34,24,30,36,35,37,59,112,118,250,145,140,147,154,160,159,155,153,150,175,168,163,152,147,115,121,123,138,103,103,0,110,89,124,87,86,87,96,90,64,35,43,39,49,29,82,84,96,89,85,83,114,41,190,188,286,306,507,507,452,458,507,414,514,959,939,916,947,950,941,899,872,847,831,791,29981,29982,29982,29983]} 1. Nf3 c5 2. d4 cxd4 3. c3 d5 4. cxd4 Nc6 5. Nc3 Nf6 6. Bf4 Nh5 7. Be5 f6 {D13: Slav Defence: Exchange variation without ...Bf5} 8. Bg3 e6 9. e3 Qb6 {LiveBook: 3 Games. White is slightly better.} (9... g6 10. Bd3 Bd7 11. e4 Bb4 12. O-O Nxg3 13. hxg3 Ne7 14. exd5 exd5 15. Qb3 Bxc3 16. bxc3 Bc6 {1-0 (73) Rakhmanov,A (2623)-Najer,E (2661) Kaliningrad 2015}) 10. a3 Nxg3 11. hxg3 g6 12. Bd3 Bg7 $146 (12... Ne7 $14) ({Predecessor:} 12... Kf7 13. O-O Bg7 14. b4 Ne7 15. e4 {1-0 (46) Sulava,N (2493)-Dizdarevic,E (2509) Sibenik 2005}) 13. Rxh7 Ne7 (13... Rxh7 $16 14. Bxg6+ Kf8 15. Bxh7 Qxb2) 14. Rxh8+ (14. Na4 $18 Qa5+ 15. b4) 14... Bxh8 $16 15. Qc2 Kf7 16. O-O-O Bd7 17. Rh1 Bg7 18. Nh4 {[%cal Rh4g6]} f5 19. Nf3 Rh8 20. Rxh8 Bxh8 21. Kb1 Bf6 22. Qd1 Qd8 23. Qb3 Bc6 24. Qd1 ({White should play} 24. Bb5 $16) 24... Qh8 (24... Bd7 $1 $11) 25. Qg1 (25. Bb5 {with more complications.} g5 26. Bxc6 Nxc6 27. Ka2 g4 28. Nd2) 25... Qh5 26. Qh2 Qxh2 27. Nxh2 Nc8 28. Ne2 Nd6 29. f4 Nc4 30. Bxc4 dxc4 $14 {[%mdl 4096] Endgame KBB-KNN} 31. Nf3 Ke7 (31... Kg7 $11) 32. Kc2 $16 b5 {[#]} 33. Kc3 $1 Kd6 34. Ne5 Be8 35. Kc2 (35. a4 $16) 35... a5 {[#]} (35... g5 $14) 36. a4 $1 $18 {[%mdl 512]} Bxe5 (36... bxa4 $142 37. Nxc4+ Kc7) 37. fxe5+ {KB-KN} ({Weaker is} 37. dxe5+ Kc5 $16) 37... Kc6 $2 (37... Ke7 {was necessary.} 38. axb5 Bxb5) 38. axb5+ Kxb5 39. Nf4 Bf7 40. Kc3 g5 {[#]} 41. Nh3 $1 g4 42. Ng5 Bg8 43. e4 fxe4 44. Nxe4 Bh7 45. Nd6+ Ka4 46. Nxc4 Bb1 47. b3+ Kb5 48. Na3+ {Precision: White = 69%, Black = 26%.} 1-0